000 00216nam a2200085Ia 4500
008 170620s9999 xx 000 0 und d
100 _aBansal- S.K
245 0 _aDictionary of Computer and info. Tech.
260 _bNew Delhi- A.P.H
260 _c2011
999 _c25738
_d25738